000 01238cpcaa2200313 4500
001 mm 81046789
003 DLC
005 20260227111709.0
008 811028|||||||||||| eng
010 _amm 81046789
040 _aDLC
_cDLC
_edacs
_dDLC
072 7 _aN
_2lcmd
245 0 0 _aWyse-Wickliffe-Phillips family papers,
_f1810-1894.
300 _a250
_fitems.
300 _a1
_fcontainer.
506 0 _aOpen to research.
520 8 _aCorrespondence, journal, and other papers of Eugenia Levy Phillips (Mrs. Philip Phillips), C. A. Wickliffe, and Lt. Francis O. Wyse, and John M. Wyse, of Pikesville, Md.
546 _aCollection material in English.
600 3 0 _aPhillips family.
600 3 0 _aWickliffe family.
600 3 0 _aWise family.
651 0 _aMaryland
_xSocial life and customs.
700 1 _aWyse, Francis O.
_tFrancis O. Wyse papers.
700 1 _aWickliffe, C. A.
_q(Charles Anderson),
_d1788-1869.
_tC.A. Wickliffe papers.
700 1 _aWyse, John M.
_tJohn M. Wyse papers.
700 1 _aPhillips, Eugenia Levy.
_tEugenia Levy Phillips papers.
999 _c43185
_d43185